000 00709nam a2200241Ia 4500
003 OSt
005 20220918214253.0
006 a|||||r|||| 00| 0
007 ta
008 220917b |||||||| |||| 00| 0 eng d
024 _a136,579
037 _cTextual
040 _aARTS
_cARTS
_beng
041 _2eng
_aeng
082 _aX9F555v73.N27<-N11, J6
100 _aGibb George Sweet
_9130516
245 0 _aResurgent year 1911-1927
_b History of Standard Oil Compnay
260 _aNA
_bNA
_c1956
650 _aECONOMICS
700 _a Knowlton Evelyn H
_9130517
942 _hX9F555v73.N27<-N11, J6
_cTEXL
_2CC
999 _c259669
_d259669